Demografía de Bahía Blanca 1970 /
Guardado en:
| Autor Principal: | |
|---|---|
| Formato: | Libro |
| Idioma: | Spanish |
| Publicado: |
s.n.
|
| Etiquetas: |
Agregar Etiqueta
Sin Etiquetas, Sea el primero en etiquetar este registro!
|
| LEADER | 00490nam a22001575a 4500 | ||
|---|---|---|---|
| 001 | EUN.um056708 | ||
| 008 | 041125ss.n.####xx#a##########000#0#spa#d | ||
| 005 | 20180621105523.0 | ||
| 245 | 1 | 0 | |a Demografía de Bahía Blanca 1970 / |c Remus Tetu. |
| 260 | |c s.n. | ||
| 300 | |a 8 h. : |b ilus. ; |c 36 cm. | ||
| 100 | 1 | |a Tetu, Remus. | |
| 082 | 0 | 4 | |a 312 |
| 082 | 0 | 4 | |a 312.09821 |
| 859 | |a Ar-BaUNS |b BIB. CENTRAL - Tesoro |h 312 |i T293-1 |k F |p 77732/977 | ||
| 859 | |a Ar-BaUNS |b BIB. CENTRAL - Tesoro |h 312 |i T293-1 |k F |p 77733/977 |t Ej.2 | ||
